Oldest Cities by Country (Abridged) - Statistics

General Stats
  • This quiz has been taken 1,435 times
  • The average score is 11 of 24
Answer Stats
Founded Country City % Correct
5000 BC Greece* Athens
94%
2800 BC Israel Jerusalem
87%
43 United Kingdom* London
87%
753 BC Italy Rome
83%
9000 BC Syria Damascus
82%
1652 South Africa Cape Town
64%
454 Vietnam Hanoi
63%
50 BC Switzerland Zürich
59%
650 Poland Kraków
54%
814 BC Tunisia Carthage
53%
600 BC France Marseille
52%
400 Japan Osaka
49%
789 Morocco Fes
43%
1565 USA (excluding territories) St Augustine
32%
43 United Kingdom* Bath
30%
1508 USA San Juan
28%
3000 BC Palestine Jericho
27%
1545 Canada St John's
18%
1100 BC Spain Cádiz
14%
30 BC Germany Trier
13%
5000 BC Lebanon Byblos
10%
2070 BC China Luoyang
9%
1150 BC India Varanasi
9%
5000 BC Greece* Argos
8%
No matching quizzes found
Score Distribution
Percent of People with Each Score
Percentile by Number Answered
Your Score History
You have not taken this quiz